000 00510nam a22001937a 4500
003 OSt
005 20240520154257.0
008 240520b |||||||| |||| 00| 0 eng d
020 _a052163721X
040 _cDDC
082 _a530 BOW 2002
100 _aBowel, David I.
_916984
245 _aAn Introduction to Polymer Physics
260 _aCambridge University Press, 2002
300 _axx,444p;
_bIll: 24.5cm
504 _aAppendix, & Included
650 _aPolymer physics
_916985
942 _2ddc
_cO_SHELF
999 _c8341
_d8341